| 000 | 00695 a2200193 4500 | ||
|---|---|---|---|
| 010 | _aENG-89758 | ||
| 020 |
_a0195690923 _c695.00 |
||
| 035 | _aEN-73291 | ||
| 037 | _bDBAD / PUB | ||
| 082 | 1 | 4 | _a303.482 |
| 090 |
_c11622 _d11622 |
||
| 245 | 1 |
_aGlobalizsation and development: _cedited by Ashwini Deshpande _ba handbook of new perspectives/ |
|
| 260 |
_aNew Delhi _bOxford University Press _c2008 |
||
| 270 |
_aYMCA Library Building, Jai Singh Road _bNew Delhi _cDelhi _e110001 |
||
| 300 |
_axvi, 301p. _c25 cm ( Hb) |
||
| 500 | _aIncludes appendix | ||
| 942 |
_adpl _cEN _k 303.482/ GLO |
||
| 999 |
_c11305 _d11305 |
||